000
00314nam a22001337a 4500
999
_c
9286
_d
9286
003
OSt
008
201120b ||||| |||| 00| 0 eng d
100
_a
Cabot,Meg
245
_a
Princess Diaries
260
_a
New Delhi
_b
Macmillan Publishers
_c
2015
300
_a
195
650
_a
B.A Hons. English
942
_2
ddc
_c
BK